000 00616nam a2200217 i 4500
001 94400
003 ES-MaACL
005 20260526170522.0
007 t|
008 050429s1972 fr ||||1| spa d
100 1 _aLorenzo, César M.
_974145
245 1 4 _aLos anarquistas españoles y el poder, 1818-1969.
260 _aParis :
_bRuedo Ibérico,
_c1972.
300 _aVII, 349 p. ;
_c24 cm.
650 7 _aAnarquismo
_2embne
_99783
650 4 _aAnarquismo-
_zEspaña-
_vHistoria.
_9151458
710 2 _aÉditions Ruedo ibérico.
_9145333
852 _aES-MaACL
_jL-2967
942 _2udc
999 _c94400
_d94400